🎶 Paroles "Bro gozh ma zadoù" (Hymne breton) (en breton) - Statistiques

Statistiques générales
  • Ce quiz a été pris 50 fois
  • Le résultat moyen est 62 sur 151
Statistiques - réponses
Mots % Correct
Breizh,
92%
Breizh
92%
Breizh !
92%
Bro,
92%
Bro
92%
Bro !
92%
bro
92%
ma
92%
o
92%
O
92%
O !
92%
a
85%
A
85%
'n
85%
N'
85%
d'
77%
Me
77%
galon,
74%
'gar
74%
Ni,
74%
mor
72%
Tra
69%
vo
69%
ar
67%
Ar
67%
Vro!
67%
Breizhiz
64%
an
56%
tro-
54%
digabestr
51%
do
49%
gwir
49%
karomp
49%
Ra
49%
eo
46%
gwad
46%
meur
46%
mur
46%
tadoù
46%
bed
44%
'vel
44%
vezo
44%
Arvor
41%
Brudet
41%
c'hreiz
41%
eviti
41%
kreiz
41%
mad
41%
zo
41%
'zo
41%
ken
38%
zro
38%
Dispont
36%
douar
33%
hon
33%
he
31%
He
31%
brezel,
28%
dre
28%
skuilhas
28%
eus
26%
ha
26%
Pep
26%
pep
26%
all
23%
kozh,
23%
garan
21%
kaer
21%
kement
21%
menez,
21%
Sent
21%
traonienn,
18%
am
15%
'barzh
15%
kreñv
15%
tud
15%
Varzhed
15%
Vretoned
15%
c'halon
10%
kalet
10%
kaloneg
10%
neñv
10%
Diskan :
8%
(Diskan)
8%
er
8%
Mar
8%
out,
8%
out
8%
pobl
8%
zindan
8%
bet
5%
dudius
5%
Gwerz
5%
pegen
5%
son
5%
trist,
5%
bremañ,
3%
Enne
3%
kousk
3%
lamm
3%
ziwan
3%
beo
0%
bepred
0%
birvidik
0%
bizkoazh
0%
braz
0%
brezelioù
0%
c'hoazh
0%
Dihunet
0%
ec'h
0%
eno
0%
taer !
0%
trec'het
0%
Vreizhad
0%
yezh
0%
Aucun quiz correspondant
Distribution des résultats
% des personnes avec chaque résultat
Percentile par nombre de réponses
Votre historique - résultats
Vous n’avez pas pris ce quiz